000 00655nam a22002057a 4500
999 _c21296
_d21296
003 AR-CdUCM
008 190313b ||||| |||| 00| 0 spa d
040 _aMUNICIPALIDAD PROVINCIAL DEL CUSCO
_cBIBLIOTECA MUNICIPAL DEL CUSCO
082 _aES/869/R63
_bR63
100 _aRíos Zamalloa, Jorge
_92949
245 _aAhelí en el monte azul cuentos /
_cJorge Ríos Zamalloa
260 _aCusco :
_bWamanpuma ;
_c2017.
300 _a125 Páginas ;
_c20 cm.
650 _aLiteratura cusqueña
_944303
650 _aLiteratos cusqueños
_944145
650 _aLiteratura infantil
_9588
650 _aSiglo XXI
_944304
942 _2ddc
_cLIBROS
945 _aRoel